Art škôlka

Gespeichert in:
Bibliographische Detailangaben
1. Verfasser: Planka, Maroš (Verfasst von)
Weitere Verfasser: Ilkovičová, Ľubica (Betreuung Doktorarbeit)
Format: Manuskript Buch
Sprache:Slowakisch
Veröffentlicht: Bratislava 2017
Schlagworte:
Online-Zugang:http://is.stuba.sk/zp/portal_zp.pl?podrobnosti=111984
Tags: Tag hinzufügen
Keine Tags, Fügen Sie das erste Tag hinzu!

MARC

LEADER 00000ntm a22000003a 4500
001 stuzp63717
003 SK-STU
005 20210202080651.2
007 ta
008 150427s2015----xo-----f-mn---000-0-slo-d
040 |a STU  |b slo 
041 0 |a slo 
100 1 |a Planka, Maroš  |u 054140  |4 aut  |U FAD Fakulta architektúry  |T FA Ústav konštrukcií v architektúre a inžinierskych stavieb  |X 65406  |U A4140  |Y 395  |7 65406 
242 0 1 |a Art Nursery  |y eng 
245 1 0 |a Art škôlka 
260 |c 2017  |a Bratislava 
650 4 |a art škôlka  |2 slo 
650 4 |a perforovaná fasáda  |2 slo 
650 4 |a materská škola  |2 slo 
650 4 |a umenie  |2 slo 
650 4 |a art nursery  |2 eng 
650 4 |a fine arts  |2 eng 
650 4 |a perforating facade  |2 eng 
700 1 |a Ilkovičová, Ľubica  |u 054140  |k Z1  |4 ths  |U FAD Fakulta architektúry  |T FA Ústav konštrukcií v architektúre a inžinierskych stavieb  |X 443  |U A4140  |Y 395  |7 A000000443 
856 4 |u http://is.stuba.sk/zp/portal_zp.pl?podrobnosti=111984  |u https://opac.crzp.sk/?fn=detailBiblioForm&sid=85D30AFD35884905439ABF4E20A9